000 00246nam a22001097a 4500
008 180730b xxu||||| |||| 00| 0 eng d
082 _a813.52
245 _aDialogues in Culture
_cEdney,E.J
260 _c2007
300 _a1
_fCD
942 _2ddc
_cMX
999 _c46677
_d46677